000 00713nam a2200253Ia 4500
003 OSt
005 20220918180222.0
006 a|||||r|||| 00| 0
007 ta
008 220917b |||||||| |||| 00| 0 eng d
024 _a21,193
037 _cTextual
040 _aARTS
_cARTS
_beng
041 _2eng
_aeng
082 _aO111,3M12,LD, K6
100 _aDickens Charles
_911511
245 0 _aLittel Dorrit Charles Dickens
260 _aLondon
_bCollins UK
_c1954
300 _a768p.
_ccm.
490 _aCollected works of Charles Dickens standard edition; 14
650 _aENGLISH LITERATURE
942 _hO111,3M12,LD, K6
_cTEXL
_2CC
999 _c160752
_d160752